000
00339pam a2200157a 44500
008
230515b1981 xxu||||| |||| 00| 0 eng d
020
_a
NULL
041
_a
ENGLISH
082
_a
N
100
_a
GUIDE
245
_a
MOTOROLA SEMICONDUCTOR MASTER SELECTION
250
_a
0
260
_a
N
_b
N/A
_c
1981
300
_a
352
650
_a
NULL
999
_c
651112
_d
651112